[Event "27th CRO-chT 1B-Men 2018"]
[Site "Biograd"]
[Date "2018.09.24"]
[Round "9.4"]
[White "Vernacki, Srdjan"]
[Black "Plenca, Julijan"]
[Result "0-1"]
[WhiteElo "2357"]
[BlackElo "2417"]
[Annotator "TA"]
[PlyCount "64"]
[EventDate "2018.09.15"]
[EventType "team-tourn"]
[EventCountry "CRO"]
[SourceTitle "playchess.com"]
[Source "ChessBase"]
[SourceQuality "1"]

{[%evp 14,64,0,-8,0,-16,-15,-35,0,-36,-19,-28,-19,-23,-21,-21,-19,-28,-12,-13,34,41,76,70,48,62,88,77,101,97,145,151,307,298,291,295,293,295,269,0,0,-320,-320,-1779,-1728,-1387,-491,-496,-487,-565,-564,-619,-551]} 1. e4 e6 2. Qe2 c5 3. Nf3 Nc6 4. g3 d6 5. Bg2 g6 6. O-O Bg7 7. c3 Nge7 8. Na3 {[%cal Bb1a3,Ba3c2,Bc2e3,Be3d5][%mdl 32]} O-O {C00: French: Unusual White 2nd moves} 9. Nc2 e5 10. Ne3 (10. b4 h6 11. b5 Na5 12. d4 exd4 13. cxd4 Be6 14. Rd1 Bc4 15. Qe1 Bxb5 16. dxc5 {0-1 (50) Adhiban,B (2672)-Sadorra,J (2575) Chengdu 2017 CBM 179 [Sadorra,J]}) 10... h6 $146 {Black is slightly better.} ({Predecessor:} 10... f5 11. Qc4+ Kh8 12. Ng5 fxe4 13. Nf7+ Rxf7 14. Qxf7 d5 15. c4 {0-1 (32) Bonafede,A (2310)-Rombaldoni,D (2494) Siena 2010}) 11. Nd5 Be6 12. Ne1 Qd7 13. Nc2 f5 14. d3 Rae8 15. a3 f4 (15... Rf7 {feels hotter.} 16. b4 Ref8 17. Nxe7+ Rxe7 18. exf5 gxf5 19. f4 exf4 20. Bxf4 Bxc3 21. Bxh6 Bf7) 16. gxf4 Bh3 (16... Na5 {looks sharper.} 17. fxe5 Nxd5 18. exd5 Bg4 19. e6 Bxe2 20. exd7 Rd8) 17. Nxe7+ Rxe7 {[#]} 18. fxe5 $1 Bxg2 19. Kxg2 Rxe5 20. f4 Rh5 21. Be3 d5 22. Bxc5 dxe4 $2 (22... Re8 $16 {is a better defense.}) 23. Bxf8 $18 exd3 24. Qf3 dxc2 25. Bxg7 Kxg7 26. Rae1 $2 (26. Rf2 $18) 26... Rd5 $1 $11 {[%cal Rd5d3] [#] Strongly threatening ...Rd3.} ({Not} 26... Qd2+ $2 27. Qf2 $16) 27. Re2 $2 {[%mdl 8192]} (27. Kh1 $11 {and White is okay.}) 27... Rd3 $19 28. Qe4 $2 (28. Qf2 Qg4+ 29. Kh1) 28... Qh3+ {Black is clearly winning.} 29. Kg1 Qxf1+ (29... Rd1 $142 {[%csl Gh3][%cal Rd1f1]} 30. Ref2 c1=Q) 30. Kxf1 c1=Q+ 31. Kf2 Rd2 32. Kg3 Qg1+ {Precision: White = 54%, Black = 32%.} 0-1

[Event "27th CRO-chT 1B-Men 2018"]
[Site "Biograd"]
[Date "2018.09.24"]
[Round "9.5"]
[White "Bobanac, Miro"]
[Black "Trbojevic, Mladen"]
[Result "1/2-1/2"]
[WhiteElo "2288"]
[BlackElo "2353"]
[Annotator "TA"]
[PlyCount "110"]
[EventDate "2018.09.15"]
[EventType "team-tourn"]
[EventCountry "CRO"]
[SourceTitle "playchess.com"]
[Source "ChessBase"]
[SourceQuality "1"]

{[%evp 11,110,14,37,0,38,-12,-10,-17,0,0,0,-15,0,-20,-20,-41,0,0,20,-8,-8,-6,-8,-15,-19,-99,-97,-106,-116,-103,-65,-107,-107,-100,-108,-108,-96,-103,-91,-80,-47,-47,-48,-41,35,-48,-47,-49,-38,-48,-47,-42,-21,-24,-17,-17,-17,-20,-9,-9,-5,-38,-23,-27,-23,-35,-34,-33,-17,-41,0,0,0,0,0,0,0,0,0,0,0,0,0,0,0,-2,0,0,0,0,0,0,0,0,0,0,0,-2,0,-2,-2]} 1. Nf3 g6 2. g3 Bg7 3. d4 c5 4. c3 Nf6 5. Bg2 O-O 6. O-O d5 7. Ne5 {D02: 1 d4 d5 2 Nf3 sidelines, including 2...Nf6 3 g3 and 2...Nf6 3 Bf4} Be6 $146 ({Predecessor:} 7... cxd4 8. cxd4 Bf5 9. Nc3 Ne4 10. Bd2 Nd7 11. Nxe4 Bxe4 12. Bf4 Bxg2 13. Kxg2 Nxe5 14. Bxe5 Bh6 15. Bf4 Bxf4 16. gxf4 Qd7 17. Qd2 Rac8 {½-½ (25) Kunin,V (2584)-Ragger,M (2694) Karlsruhe 2016}) 8. Nd2 cxd4 9. cxd4 Nbd7 10. Ndf3 Qb6 11. b3 Ne4 12. Be3 Rac8 13. Qb1 Bf5 14. Qb2 Nd6 {[%cal Be4d6,Bd6f5,Bf5e3][%mdl 32]} 15. Nxd7 Bxd7 16. Ne5 Be6 17. Qd2 Nf5 18. Nf3 (18. Rac1 $11) 18... Nxe3 $17 19. fxe3 Bh6 20. Rac1 Bf5 21. Rxc8 Rxc8 22. Rc1 Rxc1+ 23. Qxc1 Qc6 24. Qd2 Qc2 25. Kf2 Be4 {White must now prevent ...Qxd2.} (25... e6 {keeps more tension.} 26. Qxc2 Bxc2 27. Ne5 Bf8 28. Nd3 Bb1) 26. Qxc2 Bxc2 $15 {[%mdl 4096] Endgame KBB-KBN} 27. Ne1 Bb1 (27... Be4 $1 $15) 28. a3 (28. Bxd5 $14 Bxa2 29. Nd3) 28... e6 29. Nd3 b6 30. e4 dxe4 31. Bxe4 Bf8 32. b4 a5 33. bxa5 bxa5 34. a4 h5 35. Bc6 Bd6 36. Nf4 {[#]} h4 $1 {[%mdl 512]} 37. Nd3 (37. gxh4 Bxf4) 37... Kg7 38. Ne5 hxg3+ 39. hxg3 Bc7 40. Bb5 Kf6 41. Bd3 {The position is equal.} Bxd3 42. Nxd3 $11 {KB-KN} e5 43. dxe5+ Bxe5 44. g4 Bc3 45. Kf3 Ke6 46. e4 Bd2 47. Ke2 Bc3 48. Kf3 Kf6 49. Kf4 Bd2+ 50. Kf3 Kg5 51. Ne5 Kf6 52. Nd3 Ke6 53. Ke2 Bc3 54. Kf3 Kd6 55. Ke2 Bd4 {Precision: White = 51%, Black = 46%.} 1/2-1/2

[Event "27th CRO-chT 1B-Men 2018"]
[Site "Biograd"]
[Date "2018.09.24"]
[Round "9.6"]
[White "Tomasic, Roland"]
[Black "Saric, Luka"]
[Result "0-1"]
[WhiteElo "2166"]
[BlackElo "2111"]
[Annotator "TA"]
[PlyCount "78"]
[EventDate "2018.09.15"]
[EventType "team-tourn"]
[EventCountry "CRO"]
[SourceTitle "playchess.com"]
[Source "ChessBase"]
[SourceQuality "1"]

{[%evp 17,78,31,33,-60,-60,-63,-58,-61,-58,-56,-67,-59,-67,-114,-114,-220,-232,-241,-225,-246,-217,-521,-508,-606,-597,-583,-575,-518,-477,-429,-352,-324,-303,-832,-802,-691,-357,-798,-796,-1587,-1580,-1477,-1421,-1606,-1600,-1575,-1576,-29995,-29991,-29991,-29992,-29992,-29991,-29989,-2148,-29953,-11756,-29986,-5029,-29993,-29994,-29994,-29995]} 1. e4 c5 2. Nf3 e6 3. d4 cxd4 4. Nxd4 Nc6 5. Nc3 Qc7 6. Be3 a6 7. Qd2 Nf6 8. O-O-O Be7 {B48: Sicilian: Taimanov: 5 Nc3 Qc7 6 Be3 a6 without Be2} 9. f3 b5 {LiveBook: 295 Games} 10. Bf4 ({Better is} 10. Kb1 $14) (10. g4 Nxd4 11. Bxd4 Bb7 12. g5 Nh5 13. Ne2 Rc8 14. c3 O-O 15. Bh3 f5 16. gxf6 Nxf6 17. Bxf6 Rxf6 18. Qxd7 Rxf3 19. Qxe6+ {1-0 (30) Fedoseev,V (2724)-Quesada Perez,Y (2627) chess.com INT 2018}) 10... e5 $15 {Black is slightly better.} 11. Nxc6 dxc6 12. Be3 Be6 13. Qf2 O-O $146 ({Predecessor:} 13... Nd7 14. f4 Qa5 15. f5 Bxa2 16. Rxd7 Kxd7 {0-1 (45) Pellicer Cemeli,J (2075)-Ramiro Ovejero,J (2390) Aragon 2014}) 14. Bb6 Qb7 15. g4 Nd7 16. Be3 (16. Ba5 $17) 16... a5 $1 $19 17. Kb1 a4 18. Ne2 b4 $1 19. Ng3 $2 (19. Nc1 {was the crucial defense.}) 19... b3 20. Nf5 bxa2+ 21. Ka1 {[#]} Ba3 $1 {[%mdl 512]} 22. bxa3 {And now Nd6 would win.} Rfb8 {[%csl Gb8][%cal Rb7b2]} ({And not} 22... Bxf5 23. Bc4 $11 (23. gxf5 $2 Rfb8 $19) (23. exf5 $2 Rfb8 $19)) 23. Bb6 Nxb6 ({Less strong is} 23... Qxb6 24. Qxb6 Rxb6 25. Ne3 $17) 24. Nd6 Qc7 25. Qc5 $2 (25. Qd2) 25... Nd7 26. Qc3 Ra5 {Hoping for ...Qxd6!} 27. Qe3 $2 {[#]} (27. Be2) 27... Qxd6 $1 {[%mdl 512]} 28. Bc4 {[#]} (28. Rxd6 Rb1#) 28... Rb1+ $1 29. Rxb1 axb1=Q+ 30. Rxb1 Bxc4 31. Rb4 Rb5 32. Qg5 Qd4+ 33. Kb1 Rxb4+ 34. axb4 f6 35. Qc1 Bb5 (35... Qc3 $142 36. Qb2 Qxf3 37. Qc1 Qc3 38. Qb2 Qe1+ 39. Qc1 {[#]} Ba2+ $1 {[%mdl 512]} 40. Kb2 a3+ $1 {[%mdl 512]} 41. Kxa3 Qxc1+ 42. Kxa2 Qxc2+ 43. Ka1 Nb6 44. h3 Nc4 45. h4 Qb2#) 36. g5 Qxb4+ 37. Ka1 a3 (37... Bc4 $142 38. c3 Qb3 39. Qb2 Qd1+ 40. Qb1 Qd2 41. Qb2 Qxg5 42. h4 Qg1+ 43. Qb1 Qe3 44. Qb2 Qe1+ 45. Qb1 Qxc3+ 46. Qb2 Qxf3 47. Qb4 Qxe4 48. Qc3 Qxh4 49. Kb1 Qf4 50. Ka1 Qf1+ 51. Kb2 Qe2+ 52. Ka3 Bd5 53. Kxa4 Qb5+ 54. Ka3 c5 55. Qc4 Qxc4 56. Kb2 Nb6 57. Kb1 Na4 58. Ka1 Qf1#) 38. gxf6 Qc3+ 39. Kb1 Bc4 {Precision: White = 28%, Black = 81%.} 0-1

[Event "27th CRO-chT 1B-Men 2018"]
[Site "Biograd"]
[Date "2018.09.24"]
[Round "9.8"]
[White "Maier, Christian"]
[Black "Rezan, Sasa"]
[Result "1/2-1/2"]
[WhiteElo "2357"]
[BlackElo "2436"]
[Annotator "TA"]
[PlyCount "34"]
[EventDate "2018.09.15"]
[EventType "team-tourn"]
[EventCountry "CRO"]
[SourceTitle "playchess.com"]
[Source "ChessBase"]
[SourceQuality "1"]

{[%evp 18,19,-22,-29]} 1. e4 c5 2. Nf3 d6 3. d4 cxd4 4. Nxd4 Nf6 5. Nc3 a6 6. Be2 e5 7. Nb3 Be7 8. O-O O-O 9. f4 b5 10. Be3 {LiveBook: 3 Games. B92: Sicilian Najdorf: 6 Be2} {Predecessor:} Nbd7 $146 11. a3 Bb7 12. Bd3 Qc7 13. Qf3 Rad8 14. Qh3 Nb6 15. Rae1 Nc4 16. Bc1 exf4 17. Rxf4 Bc8 {0-1 (45) Tarlev,K (2384)-Kuzubov,Y (2558) Lvov 2005} 1/2-1/2

[Event "27th CRO-chT 1B-Men 2018"]
[Site "Biograd"]
[Date "2018.09.24"]
[Round "9.9"]
[White "Sinanovic, Muhamed"]
[Black "Stocko, Josip"]
[Result "1/2-1/2"]
[WhiteElo "2339"]
[BlackElo "2322"]
[Annotator "TA"]
[PlyCount "22"]
[EventDate "2018.09.15"]
[EventType "team-tourn"]
[EventCountry "CRO"]
[SourceTitle "playchess.com"]
[Source "ChessBase"]
[SourceQuality "1"]

{[%evp 9,14,-10,-4,-16,-12,-18,0]} 1. d4 Nf6 2. Nf3 d5 3. Bf4 e6 4. h3 Bd6 5. Bxd6 Qxd6 {The position is equal.} 6. Nbd2 {D02: 1 d4 d5 2 Nf3 sidelines, including 2...Nf6 3 g3 and 2...Nf6 3 Bf4} (6. c3 O-O 7. e3 c5 8. Bd3 Nc6 9. Nbd2 e5 10. dxe5 Nxe5 11. Nxe5 Qxe5 12. Nf3 Qe7 13. O-O h6 14. Qc2 Be6 15. Rfd1 Rfd8 16. a4 Rac8 17. a5 Qc7 18. a6 b6 19. Bf5 Qd7 20. Bxe6 Qxe6 21. b3 {½-½ (35) Hasanzade,T (2352)-Aghayev,M (2398) Konya 2017}) 6... O-O 7. e3 c5 {Predecessor:} 8. c3 $146 Nbd7 9. Be2 b6 10. O-O Bb7 11. Re1 e5 {½-½ (30) Baier,P (1712)-Haakert,K (1887) Bad Neuenahr 2014} 1/2-1/2

[Event "27th CRO-chT 1B-Men 2018"]
[Site "Biograd"]
[Date "2018.09.24"]
[Round "9.10"]
[White "Pucovski, Miroslav"]
[Black "Biliskov, Vjekoslav"]
[Result "1/2-1/2"]
[WhiteElo "2241"]
[BlackElo "2292"]
[Annotator "TA"]
[PlyCount "30"]
[EventDate "2018.09.15"]
[EventType "team-tourn"]
[EventCountry "CRO"]
[SourceTitle "playchess.com"]
[Source "ChessBase"]
[SourceQuality "1"]

{[%evp 13,15,10,13,8]} 1. e4 c5 2. c3 d5 3. exd5 Qxd5 4. d4 Nf6 5. Nf3 e6 6. Be3 cxd4 7. cxd4 Bb4+ {LiveBook: 252 Partien} 8. Nc3 {B22: Sizilianisch (Alapin 2.c3)} {Vorgänger:} O-O $146 9. Be2 Nbd7 10. O-O Bxc3 11. bxc3 b6 12. Nd2 Qd6 13. Bf3 Rb8 14. c4 Bb7 15. Bxb7 Rxb7 {1-0 (36) Finkel,A (2511)-Navara,D (2725) Tallinn 2016} 1/2-1/2

[Event "27th CRO-chT 1B-Men 2018"]
[Site "Biograd"]
[Date "2018.09.24"]
[Round "9.11"]
[White "Zelic, Mladen"]
[Black "Bubalovic, Davorin"]
[Result "1/2-1/2"]
[WhiteElo "2266"]
[BlackElo "2206"]
[Annotator "TA"]
[PlyCount "14"]
[EventDate "2018.09.15"]
[EventType "team-tourn"]
[EventCountry "CRO"]
[SourceTitle "playchess.com"]
[Source "ChessBase"]
[SourceQuality "1"]

{[%evp 9,14,17,11,0,56,6,53]} 1. e4 g6 2. d4 Bg7 3. c3 d6 4. Bc4 Nf6 5. Qe2 e5 {LiveBook: 12 Partien} 6. Nf3 {B06: Moderne Verteidigung} (6. dxe5 dxe5 7. Be3 O-O 8. Nd2 Nc6 9. Ngf3 Nh5 10. g3 Na5 11. Bd3 Bg4 12. h3 Be6 13. b4 Nc6 {0-1 (40) Wantiez,F (2322)-Bitalzadeh,A (2400) Belgium 2016}) 6... Bg4 ({Günstiger ist} 6... Nbd7 $11) 7. Nbd2 $146 ({Vorgänger:} 7. dxe5 Bxf3 8. Qxf3 dxe5 9. O-O O-O 10. Be3 Qe7 11. Nd2 c6 12. Rfd1 Nbd7 13. b4 b6 {½-½ (80) Mueller,F (2095)-Panic,N (2255) Germany 1998}) 7... O-O 1/2-1/2

[Event "27th CRO-chT 1B-Men 2018"]
[Site "Biograd"]
[Date "2018.09.23"]
[Round "9.13"]
[White "Antunac, Goran"]
[Black "Pap, Misa"]
[Result "1-0"]
[WhiteElo "2359"]
[BlackElo "2482"]
[Annotator "TA"]
[PlyCount "79"]
[EventDate "2018.09.15"]
[EventType "team-tourn"]
[EventCountry "CRO"]
[SourceTitle "playchess.com"]
[Source "ChessBase"]
[SourceQuality "1"]

{[%evp 15,79,35,47,-14,57,0,0,0,-17,-25,-22,-39,-10,-11,-6,-12,-3,-9,-4,-27,6,0,22,24,79,15,12,-62,-58,-100,-47,-41,53,66,297,293,286,282,566,552,539,530,477,285,5727,1778,1719,1616,2281,2102,29988,29980,29980,29978,29991,29989,29988,712,699,700,687,670,660,645,637,635]} 1. d4 f5 2. g3 Nf6 3. Bg2 g6 4. Nd2 Bg7 5. e4 fxe4 6. Nxe4 Nxe4 7. Bxe4 d5 8. Bg2 {A81: Dutch Defence: 2 g3} O-O {LiveBook: 6 Games} (8... Nc6 9. Ne2 Bg4 10. f3 Bf5 11. O-O Qd6 12. c3 e5 13. Be3 O-O-O 14. Qd2 h5 15. Rae1 h4 {0-1 (26) Girya,O (2489)-Vidit,S (2718) Wijk aan Zee 2018}) 9. Nh3 (9. c3 $14) 9... c6 (9... Nc6 $11) 10. Nf4 $146 (10. O-O $14) ({Predecessor:} 10. f4 Qb6 11. c3 e5 12. dxe5 Bxe5 13. Qe2 Bf6 14. Be3 Qa5 15. O-O Re8 {0-1 (43) Dambrauskas,V (2301)-Martinovici,I (2360) Cap Aurora 2018}) 10... Qd6 $11 11. O-O Nd7 12. Ne2 e5 13. a4 exd4 14. Nxd4 Ne5 15. h3 Qc5 16. c3 Bd7 17. Nb3 Qc4 18. Be3 b6 19. a5 Nd3 (19... Qd3 $11) 20. axb6 (20. Nd4 $16) 20... axb6 21. Nd4 (21. Qd2 $11) 21... Nxb2 $15 22. Qc2 Na4 (22... Nd3 $17 {...Rxa1 is the strong threat.} 23. Rxa8 Rxa8) 23. Rfc1 Bf5 (23... Rfe8 $15) 24. Qd2 $14 Bxd4 $2 ({Black should play} 24... Qd3 $14) 25. cxd4 $18 Qb5 {[#]} 26. Bh6 $1 Rfe8 $2 (26... Rf7 27. Bf1 Qb3 28. Rxc6 Re8) 27. Qf4 {White wants to mate with Qc7.} Re7 {If only Black now had time for ...Rae8....} 28. Qd6 Rae8 {[#]} 29. Rxc6 (29. Re1 $142 $3 {[%mdl 512]} Be4 (29... Rxe1+ 30. Rxe1) 30. f3) 29... Be4 $2 {[#]} (29... Rd7 30. Bf1 (30. Qf6 Rf7 $18) 30... Qb2) 30. Rc8 $1 {[%mdl 512]} Kf7 (30... Rxc8 31. Qxe7) 31. Qf4+ Bf5 32. Rac1 Re1+ 33. Kh2 Rxc1 34. Rxc1 Nb2 35. Qd6 Nc4 36. Qxd5+ (36. Bxd5+ $142 Qxd5 37. Qxd5+ Be6 38. Qf3+ Bf5 39. Rxc4 Re7 40. g4 Kf6 41. gxf5) 36... Qxd5 {White is clearly winning.} 37. Bxd5+ Be6 38. Bxe6+ ({Less strong is} 38. Rxc4 Bxd5 39. Rc1 Re2 $14) 38... Kxe6 39. Rxc4 Kd5 40. Rb4 {Precision: White = 46%, Black = 28%.} 1-0

[Event "27th CRO-chT 1B-Men 2018"]
[Site "Biograd"]
[Date "2018.09.23"]
[Round "9.14"]
[White "Nikcevic, Nebojsa"]
[Black "Mufic, Goran"]
[Result "0-1"]
[WhiteElo "2428"]
[BlackElo "2254"]
[Annotator "TA"]
[PlyCount "48"]
[EventDate "2018.09.15"]
[EventType "team-tourn"]
[EventCountry "CRO"]
[SourceTitle "playchess.com"]
[Source "ChessBase"]
[SourceQuality "1"]

{[%evp 23,48,22,36,20,27,30,31,36,102,107,107,16,50,56,62,0,168,159,159,64,66,-20,-25,-27,0,0,12]} 1. c4 e6 2. Nf3 Nf6 3. b3 d5 4. Bb2 Be7 5. e3 O-O 6. d4 Nbd7 7. Nbd2 c6 8. Bd3 b6 9. O-O Bb7 10. Rc1 Rc8 11. Qe2 c5 12. Rfd1 Rc7 {LiveBook: 4 Games. D30: Queen's Gambit Declined: Systems without Nc3} (12... cxd4 13. Nxd4 Nc5 14. Bb1 Qd7 15. N4f3 Rfd8 16. e4 dxc4 17. Nxc4 Qc7 18. Rxd8+ Rxd8 19. Nce5 Qd6 20. Ng5 {½-½ (105) Mikhalevski,V (2538)-Akobian,V (2647) Caleta 2018}) 13. e4 dxe4 14. Nxe4 Qa8 {[%cal Rb7e4] White has an edge.} 15. Neg5 {[#] aiming for d5!} cxd4 (15... Bd8 $14) 16. Nxd4 $146 ({Predecessor:} 16. Bxd4 Ba3 17. Rc2 h6 18. Nh3 Bxf3 19. gxf3 Nh5 20. Qe4 {0-1 (70) San Pedro Lopez,K (2171)-Gardela Batlle,J (2202) Catalunya 2013}) 16... Nc5 17. Bc2 (17. Bb1 $16) 17... h6 $11 18. Nb5 Rd7 19. Rxd7 ({White should try} 19. Bxf6 $1 $14 Rxd1+ 20. Qxd1 (20. Rxd1 gxf6 21. Nf3 f5 $11) 20... Bxf6 21. Nh7) 19... Ncxd7 $2 {[#]} (19... Nfxd7 $11 {and Black stays safe.} 20. Nh7 Rd8) 20. Nxe6 $1 $18 {[%mdl 512]} Bxg2 (20... fxe6 21. Qxe6+) 21. Nf4 ({Much less strong is} 21. Nec7 $6 Qf3 $14) (21. Nxf8 $16 Bxf8 22. Qe3) 21... Qf3 $14 22. Re1 (22. Qd2 $14 Bb4 23. Qxb4 Qxf4 24. Qd6 (24. Kxg2 Ng4 $17)) 22... Qxf4 $11 23. Kxg2 Ng4 24. Rh1 $1 {Strongly threatening Bc1.} Qg5 {[%mdl 32768] Precision: White = 26%, Black = 44%. . Loss on Time!?} 0-1

[Event "27th CRO-chT 1B-Men 2018"]
[Site "Biograd"]
[Date "2018.09.24"]
[Round "9.15"]
[White "Ramesa, Davor"]
[Black "Matkovic, Tonci"]
[Result "0-1"]
[WhiteElo "2303"]
[BlackElo "2274"]
[Annotator "TA"]
[PlyCount "70"]
[EventDate "2018.09.15"]
[EventType "team-tourn"]
[EventCountry "CRO"]
[SourceTitle "playchess.com"]
[Source "ChessBase"]
[SourceQuality "1"]

{[%evp 14,70,41,37,39,38,47,31,74,48,47,32,33,25,34,22,39,1,16,4,14,1,49,12,37,0,0,-18,-7,-14,0,-58,-61,-114,-100,-112,-103,-130,-137,-134,-132,-133,-139,-143,-141,-163,-181,-242,-228,-399,-399,-705,-638,-29987,-29988,-29997,-29998,-29998,-29998]} 1. Nf3 Nf6 2. c4 e6 3. g3 d5 4. d4 dxc4 5. Qa4+ Bd7 6. Qxc4 Bc6 7. Bg2 Nbd7 8. Nc3 {LiveBook: 33 Games} Nd5 {E02: Open Catalan: 5 Qa4+} 9. O-O Nxc3 10. bxc3 Nf6 $146 {White is slightly better.} ({Predecessor:} 10... Be7 11. Re1 Be4 12. Bf4 c6 13. Qb3 Qb6 14. Nd2 Bxg2 15. Kxg2 Qxb3 16. axb3 c5 {½-½ (16) Juswanto,D (2513)-Boricsev,O (2352) Bandar Seri Begawan 2001}) 11. Bg5 Be7 12. Rfe1 O-O 13. Bxf6 Bxf6 14. e4 Qd7 15. Rad1 Rfd8 16. Rd2 a5 17. Qb3 b5 18. Bh3 {aiming for d5!} (18. d5 $5 exd5 19. exd5 $11) 18... a4 19. Qc2 Qe8 20. Re3 Bb7 21. Bf1 {[#]} c5 $1 {[%mdl 512] [#]} 22. Qb1 {[#]} (22. d5 $1 $11 {[%mdl 512]}) (22. dxc5 Rac8) 22... b4 $1 $15 {[%mdl 512]} 23. e5 ({White should try} 23. cxb4 $15 cxd4 24. Re1) 23... Be7 $17 24. cxb4 cxb4 25. Bd3 g6 26. h4 Rac8 {[%cal Ba8c8,Bc8c1,Bc1a1][%mdl 32]} 27. Be4 Bxe4 28. Qxe4 Qc6 29. Qf4 Qd5 30. Kh2 (30. Kg2 {might work better.}) 30... Rc1 $19 31. Red3 $2 (31. Qe4) 31... Rdc8 {[%cal Bd8c8,Bc8c1,Bc1h1][%mdl 32]} 32. Rb2 $2 (32. Ng1 Rb1 33. Rf3) 32... Ra1 {White must now prevent ...Rcc1.} 33. Rdd2 Rcc1 {Black mates.} 34. g4 Rh1+ 35. Kg3 {[#]} Bxh4+ $1 {[%mdl 512] Precision: White = 14%, Black = 74%.} 0-1

[Event "27th CRO-chT 1B-Men 2018"]
[Site "Biograd"]
[Date "2018.09.24"]
[Round "9.16"]
[White "Vlaic, Branko"]
[Black "Tomulic, Teo"]
[Result "1-0"]
[WhiteElo "2246"]
[BlackElo "2264"]
[Annotator "TA"]
[PlyCount "39"]
[EventDate "2018.09.15"]
[EventType "team-tourn"]
[EventCountry "CRO"]
[SourceTitle "playchess.com"]
[Source "ChessBase"]
[SourceQuality "1"]

{[%evp 13,39,-12,39,37,35,9,30,14,116,114,121,99,253,258,242,243,392,370,469,468,448,455,462,465,467,452,907,885]} 1. d4 Nf6 2. Nf3 d5 3. Bf4 c5 4. e3 Nc6 5. Nbd2 (5. c3 e6 6. Nbd2 cxd4 7. exd4 Nh5 8. Bg5 f6 9. Be3 Bd6 10. Bb5 O-O 11. O-O Ne7 12. Re1 Bd7 13. Bd3 g6 14. Bh6 Rf7 {½-½ (83) Caruana,F (2822)-Aronian,L (2767) chess.com INT 2018}) 5... Qb6 6. dxc5 {D02: 1 d4 d5 2 Nf3 sidelines, including 2...Nf6 3 g3 and 2...Nf6 3 Bf4} Qxb2 7. Rb1 Qa3 {LiveBook: 3 Games} (7... Qc3 $11) 8. Bb5 $14 {White is slightly better.} e6 9. O-O $146 {Black should prevent Ne5.} ({Predecessor:} 9. Ne5 Bd7 10. O-O Bxc5 11. Nxd7 Nxd7 12. c4 O-O 13. cxd5 exd5 {½-½ (31) L'Ami,E (2605)-Lu,S (2612) Wijk aan Zee 2017}) 9... Bxc5 10. Ne5 O-O {[#]} (10... a6 $1 $11 {remains equal.} 11. Bxc6+ bxc6) 11. Nec4 $1 $16 {[%mdl 512]} dxc4 12. Nxc4 Rd8 $2 ({But not} 12... Qc3 $2 13. Rb3 $18) (12... Qxa2 $16 13. Ra1 {[#]} Qxa1 $1 {[%mdl 512]} 14. Qxa1 Bd7) 13. Nxa3 $18 Rxd1 14. Rfxd1 Bxa3 (14... Bd7 $142) 15. Bxc6 $1 {aiming for Rd8+.} bxc6 16. Rd8+ {White is clearly winning.} Bf8 17. Rb8 Rxb8 18. Bxb8 Bd7 19. Be5 Ng4 (19... Ne4 $142 20. Rxd7 f6) 20. Bd6 {Precision: White = 84%, Black = 27%.} 1-0

[Event "27th CRO-chT 1B-Men 2018"]
[Site "Biograd"]
[Date "2018.09.23"]
[Round "9.17"]
[White "Safar, Sandro"]
[Black "Viskic, Pavisa"]
[Result "1-0"]
[WhiteElo "2214"]
[BlackElo "2176"]
[Annotator "TA"]
[PlyCount "77"]
[EventDate "2018.09.15"]
[EventType "team-tourn"]
[EventCountry "CRO"]
[SourceTitle "playchess.com"]
[Source "ChessBase"]
[SourceQuality "1"]

{[%evp 17,77,32,43,27,37,0,44,41,41,44,43,39,49,17,32,10,20,12,6,0,29,12,54,67,56,64,48,12,58,33,38,38,72,68,75,81,89,89,90,90,106,103,136,131,144,123,166,171,176,169,233,205,228,204,285,286,875,837,785,723,29996,29997]} 1. d4 g6 2. e4 Bg7 3. Nc3 d6 4. Be3 a6 5. Qd2 b5 6. f3 Bb7 7. h4 h5 8. Nh3 Nd7 9. Ng5 {B06: Modern Defence} c5 {LiveBook: 21 Games} (9... Ngf6 10. O-O-O Nb6 11. Bd3 e6 12. Kb1 Qe7 13. Ne2 O-O-O 14. Qa5 Nfd7 15. b3 Nb8 16. Rc1 Nc6 17. Qd2 f6 18. Nh3 {0-1 (72) Fressinet,L (2700)-Mamedov,R (2650) Huaian 2016}) 10. d5 Ngf6 11. Ne2 {[%cal Bc3e2,Be2f4,Bf4h3,Bh3g5][%mdl 32] White is slightly better.} Nf8 $146 ({Predecessor:} 11... Ne5 12. Nf4 Qc8 13. c3 Nfd7 14. Kf2 Nb6 {0-1 (86) Eggleston,D (2341)-Mitchell,M (2147) Edinburgh 2009}) 12. Nf4 N6h7 13. Nxh7 Nxh7 14. c3 Bc8 15. g3 Nf6 16. Nh3 Bd7 17. Bg2 a5 18. O-O O-O 19. Bh6 Kh7 20. Ng5+ Kg8 21. Bxg7 Kxg7 22. Kh2 (22. Rae1 {is more complex.} Qb6 23. f4 Ng4 24. f5 Ne5 25. Nf3) 22... Nh7 (22... Qb6 {looks sharper.} 23. Rae1 a4 24. Rf2 Kg8 25. Rfe2 Rae8) 23. Nxh7 Kxh7 24. f4 f5 25. e5 Bc8 26. Rfe1 Ra7 27. Re3 Kg7 28. Rae1 Kf7 29. Bf3 Rh8 30. b3 Rf8 31. a3 {[%cal Ba2a3,Ba3b4][%mdl 32]} Rh8 32. Kh3 Rf8 33. Qe2 Rb7 (33... b4 $142 34. c4 Rg8) 34. b4 $18 axb4 35. axb4 c4 {[#]} 36. Bxh5 $1 {[%mdl 512]} gxh5 $2 (36... Rh8) 37. Qxh5+ Kg7 38. Qg5+ Kf7 39. e6+ {Precision: White = 63%, Black = 29%.} 1-0